| 000 | 00712nam a2200169 a 4500 | ||
|---|---|---|---|
| 008 | 161220s2013 ||||||||||||||||| || u | ||
| 020 | _a9781408515211 | ||
| 050 | _aQC 21.2 Bre | ||
| 100 | _aBreithaupt, Jim | ||
| 245 | 1 | 0 |
_aPhysics in context _cby Jim Breithaupt |
| 260 |
_aCheltenham _bNelson Thornes _c2013 |
||
| 300 | _avii, 442p.:ill. | ||
| 350 | _a0.00 | ||
| 650 | 0 | _aPHYSICS | |
| 995 |
_aMAIN LIBRARY OPEN ACCESS _e747174 _FCBU-MAIN LIBRARY (Kitwe) _I0.00 _jQC 21.2 Bre _M1 _UAVAILABLE _WDec 20, 2016 _y747174 _ZMain Library Open Access Collection |
||
| 995 |
_aMAIN LIBRARY OPEN ACCESS _e747175 _FCBU-MAIN LIBRARY (Kitwe) _I0.00 _jQC 21.2 Bre _M2 _UAVAILABLE _WDec 20, 2016 _y747175 _ZMain Library Open Access Collection |
||
| 999 |
_c81908 _d81908 |
||